000 00509nam a2200217Ia 4500
003 OSt
005 20221005120234.0
006 a|||||r|||| 00| 0
007 ta
008 221004b |||||||| |||| 00| 0 eng d
024 _a65389
037 _cTextual
040 _aCRL
_cCRL
_beng
041 _2eng
_aeng
082 _aV45:21wM29, A
245 0 _aDiary 1983 Shah Of Persia
260 _c1870
650 _aHISTORY
942 _hV45:21wM29, A
_cTEXL
_2cc
999 _c1037330
_d1037330